|
|
|
|
| LEADER |
00000nas a2200000 a 4500 |
| 001 |
ssj0004224 |
| 003 |
WaSeSS |
| 005 |
20200512172242.0 |
| 006 |
m d |
| 007 |
cr n |
| 008 |
990604c19699999tnuqr p s o 0 a0eng c |
| 010 |
|
|
|a sn 99023396
|
| 016 |
7 |
|
|a 2010159-4
|2 DE-600
|
| 022 |
|
|
|a 2328-8175
|y 0022-0515
|
| 035 |
|
|
|a (WaSeSS)ssj0004224
|
| 040 |
|
|
|a EYM
|b eng
|c EYM
|d OCLCQ
|d DLC
|d OCLCQ
|d DLC
|d OCLCF
|d DLC
|d OCLCO
|d OCLCQ
|d DEBBG
|d GILDS
|d OCLCO
|d DLC
|d VT2
|d NJT
|d WaSeSS
|
| 042 |
|
|
|a pcc
|a nsdp
|
| 050 |
1 |
4 |
|a HB1
|
| 082 |
0 |
0 |
|a 330
|2 23
|
| 130 |
0 |
|
|a Journal of economic literature (Online)
|
| 222 |
|
0 |
|a Journal of economic literature
|b (Online)
|
| 245 |
1 |
0 |
|a Journal of economic literature
|h [electronic resource].
|
| 260 |
|
|
|a Evanston, Ill. :
|b American Economic Association,
|c 1969-
|
| 310 |
|
|
|a Quarterly
|
| 362 |
0 |
|
|a Vol. 7, no. 1 (Mar. 1969)-
|
| 500 |
|
|
|a Published: Nashville, Tenn., Sept. 1970-
|
| 506 |
|
|
|a License restrictions may limit access.
|
| 538 |
|
|
|a Mode of access: World Wide Web.
|
| 588 |
|
|
|a Description based on JSTOR World Wide Web homepage; title from title screen (viewed June 4, 1999).
|
| 588 |
|
|
|a Latest issue consulted: Vol. 48, No. 4 (Dec. 2010) (JSTOR website, May 03, 2013).
|
| 650 |
|
0 |
|a Economics
|v Periodicals.
|
| 650 |
|
0 |
|a Economics
|v Book reviews
|v Periodicals.
|
| 650 |
|
7 |
|a Economics.
|2 fast
|0 (OCoLC)fst00902116
|
| 655 |
|
0 |
|a Electronic journals.
|
| 710 |
2 |
|
|a American Economic Association.
|
| 776 |
1 |
|
|t Journal of economic literature
|x 0022-0515
|w (DLC) 73646621
|w (OCoLC)1788942
|
| 776 |
1 |
|
|t Journal of economic literature (CD-ROM)
|x 1547-1101
|w (DLC) 2003209304
|w (OCoLC)36125596
|
| 780 |
0 |
0 |
|t Journal of economic abstracts (Online)
|x 2328-8159
|w (DLC)sn 99023395
|w (OCoLC)41483136
|
| 856 |
4 |
0 |
|z Full text available from Research Library: 12/01/1995 to 2 years ago
|u https://search.proquest.com/publication/40735
|